000 00437nam a2200157Ia 4500
003 GCL
008 140319s9999 xx 000 0 ara d
040 _aGCL /
_cGCL
082 0 4 _aط
_b813.02
_bد م
100 1 _aدلفين للنشر
245 1 0 _aاقصوصه التفاح /
_cدلفين للنشر
490 _aمن اقاصيص الطبيعة
_v0
650 0 4 _aالاطفال
650 0 4 _aقصص الاطفال
942 _2ddc
_cBK
999 _c42802
_d42802